Christentum als Stil : für ein zeitgemäßes Glaubensverständnis in Europa / Christoph Theobald
Record details
- ISBN: 978-3-451-34971-3
- Physical Description: 363 Seiten ; 22 cm
- Publisher: Freiburg : Herder, 2018
Content descriptions
| General Note: | Literaturverzeichnis: Seite 351-360 |
Available copies
- 1 of 1 copy available at Common Catalog SPOK.
Holds
- 0 current holds with 1 total copy.
Show Only Available Copies
| Location | Call Number / Copy Notes | Barcode | Shelving Location | Status | Due Date |
|---|---|---|---|---|---|
| Jabok Library | RE-2.1 | 424480042012 | Odborná literatura | Available | - |
Electronic resources
Version of Resource: Inhaltstext
| LDR | 03697nam a2200805 i 4500 | ||
|---|---|---|---|
| 001 | 31135 | ||
| 003 | CZ-PrJAB | ||
| 005 | 20190603072222.0 | ||
| 008 | 170426s2018 gw 000 0 ger d | ||
| 020 | . | ‡a978-3-451-34971-3 | |
| 040 | . | ‡aGBVCP ‡bger ‡cGBVCP ‡dABG312 ‡erda | |
| 082 | 0 | 0. | ‡a230 |
| 082 | 0 | 0. | ‡a230.24 |
| 100 | 1 | . | ‡aTheobald, Christoph ‡4aut |
| 245 | 1 | 0. | ‡aChristentum als Stil : ‡bfür ein zeitgemäßes Glaubensverständnis in Europa / ‡cChristoph Theobald |
| 264 | 1. | ‡aFreiburg : ‡bHerder, ‡c2018 | |
| 300 | . | ‡a363 Seiten ; ‡c22 cm | |
| 336 | . | ‡atext ‡btxt ‡2rdacontent | |
| 338 | . | ‡asvazek ‡bnc ‡2rdacarrier | |
| 500 | . | ‡aLiteraturverzeichnis: Seite 351-360 | |
| 653 | 0 | . | ‡akatolická církev ‡avíra ‡anáboženská identita ‡apolitická identita ‡aEvropa |
| 856 | 4 | 1. | ‡uhttp://deposit.d-nb.de/cgi-bin/dokserv?id=ede8a6c695624ed4a6a10bd3344021a3&prov=M&dok_var=1&dok_ext=htm ‡yInhaltstext |
| 910 | . | ‡aABG312 | |
| 995 | . | ‡aska | |
| 901 | . | ‡a31135 ‡b ‡c31135 ‡tbiblio | |